PRINCIPLES OF BIOCHEMISTRY (Record no. 7453)

MARC details
000 -LEADER
fixed length control field 00487nam a22001817a 4500
005 - DATE AND TIME OF LATEST TRANSACTION
control field 20251209112525.0
008 - FIXED-LENGTH DATA ELEMENTS--GENERAL INFORMATION
fixed length control field 210218b ||||| |||| 00| 0 eng d
020 ## - INTERNATIONAL STANDARD BOOK NUMBER
ISBN 978-1-4641-2611-6
041 ## - LANGUAGE CODE
Language code of text/sound track or separate title eng
082 ## - DEWEY DECIMAL CLASSIFICATION NUMBER
Classification number 615.19 NEL-P
100 ## - MAIN ENTRY--AUTHOR NAME
Personal name NELSON, DAVID .L AND COX, MICHAEL M.
245 ## - TITLE STATEMENT
Title PRINCIPLES OF BIOCHEMISTRY
250 ## - EDITION STATEMENT
Edition statement 7TH ED.
260 ## - PUBLICATION, DISTRIBUTION, ETC. (IMPRINT)
Place of publication NEW YORK
Name of publisher McMILLAN EDUCATION
300 ## - PHYSICAL DESCRIPTION
Number of Pages I-45 P,
650 ## - SUBJECT ADDED ENTRY--TOPICAL TERM
Topical Term PHARMACY/PARAMEDICAL
General subdivision BMIRT
942 ## - ADDED ENTRY ELEMENTS (KOHA)
Koha item type Books
Holdings
Lost status Damaged status Collection code Home library Current library Shelving location Date acquired Source of acquisition Cost, normal purchase price Full call number Accession Number Koha item type Serial Enumeration / chronology
    PHARMACY JRU Library JRU Library SHELF-28-D 18/02/2021 PURCHES / LBI - 1710 / 11-2-21 199.95 615.19 25512 Books  
    PARAMEDICAL JRU Library JRU Library SHELF-104-D 08/12/2025 PURCHASE 9385.00 615.19 29266 Books LBI-000813/30-10-2025